000 01801cam a2200529 a 4500
001 2887
003 FISKH
005 20240122114723.0
008 060123s2006 nyu c 000 f eng
010 _a 2006000337
015 _aGBA673027
_2bnb
016 7 _a013537935
_2Uk
020 _a0060734086 (trade bdg.)
020 _a9780060734084 (trade bdg.)
020 _a9780545110259
020 _a0060734094 (lib. bdg.)
020 _a9780060734091 (lib. bdg.)
020 _a9780060734084
020 _a9780060734091
035 _a(OCoLC)ocm63178754
035 _a(OCoLC)63178754
040 _aDLC
_cDLC
_dBAKER
_dUKM
_dTEF
_dVP@
_dEHH
_dBTCTA
_dYDXCP
_dDLC
_beng
042 _alcac
_alcac
050 0 0 _aPZ8.L4793
_bFa 2006
082 0 0 _a[Fic]
_222
100 1 _aLevine, Gail Carson.
245 1 0 _aFairest /
_cGail Carson Levine.
250 _aFirst Scholastic printing, September 2008
260 _aNew York, NY :
_bScholastic,
_c2006.
300 _a326, 16 pages ;
_c20 cm
520 _aIn a land where beauty and singing are valued above all else, Aza eventually comes to reconcile her unconventional appearance and her magical voice, and learns to accept herself for who she truly is.
521 1 _a8-14.
586 8 _aA Junior Library Guild selection.
650 1 _aFairy tales.
650 1 _aBeauty, Personal
_vFiction.
650 1 _aSinging
_vFiction.
650 1 _aSelf-acceptance
_vFiction.
650 1 _aIdentity
_vFiction.
650 0 _aFairy tales.
650 0 _aBeauty, Personal
_vJuvenile fiction.
650 0 _aSinging
_vJuvenile fiction.
650 0 _aSelf-acceptance
_vJuvenile fiction.
650 0 _aIdentity (Psychology)
_vJuvenile fiction.
655 0 _aChildren's stories.
906 _a7
_bcbc
_corignew
_d1
_eecip
_f20
_gy-gencatlg
942 _2ddc
_cBK
_n0
999 _c2887
_d2887